| 000 | 00683nam a22002297a 4500 | ||
|---|---|---|---|
| 005 | 20170124110122.0 | ||
| 010 | _a302602 | ||
| 020 | _c00.00 | ||
| 035 | _a302602 | ||
| 037 | _bCen Lib/Ret | ||
| 040 |
_aDPL _bEN |
||
| 082 |
_a973 _bMAU |
||
| 100 |
_aMaurois, Andre _9106019 |
||
| 245 |
_aA history of the USA : _cby Andre Maurois _b from Wilson to Kennedy. / |
||
| 260 |
_aLondon _bWeidenfeld and Nicolson _c1964 |
||
| 270 |
_a20, New Bond Street _bLondon |
||
| 300 |
_axii,365p. _c19cm(Hb) |
||
| 500 | _aIncludes bibliographical reference and index | ||
| 650 |
_aHistor of USA _930782 |
||
| 650 |
_aUnited States _9106020 |
||
| 942 |
_2ddc _cEN _h973 _mMAU |
||
| 999 |
_c131085 _d131085 |
||